Normal view MARC view
  • Chines Cookery

Entry Topical Term

Number of records used in: 1

001 - CONTROL NUMBER

  • control field: 106737

003 - CONTROL NUMBER IDENTIFIER

  • control field: NUST

005 - DATE AND TIME OF LATEST TRANSACTION

  • control field: 20230104110427.0

008 - FIXED-LENGTH DATA ELEMENTS

  • fixed length control field: 230104|| aca||aabn | a|a d

040 ## - CATALOGING SOURCE

  • Original cataloging agency: NUST
  • Transcribing agency: NUST

150 ## - HEADING--TOPICAL TERM

  • Topical term or geographic name entry element: Chines Cookery

670 ## - SOURCE DATA FOUND

  • Source citation: Work cat.: (NUST)185815: Hawkins, Kathryn 106736, Step by Step Chinese Cookery /, 1995.
© 2023 Central Library, National University of Sciences and Technology. All Rights Reserved.